000 00183nam a2200097Ia 4500
100 _a#N/A
942 _cBK
245 _aEmbedded Real - Time Systems
260 _b#N/A
082 _b22587
999 _c34901
_d34901